[Event "Kobenhavn"]
[Site "?"]
[Date "1995.??.??"]
[Round "?"]
[White "Glek, I."]
[Black "Hansen, Cu"]
[Result "1-0"]
[WhiteElo "2590"]
[BlackElo "2630"]
[PlyCount "69"]
[EventDate "1995.??.??"]
[Source "ChessBase"]
[SourceDate "1995.02.01"]

1. e4 d5 2. exd5 Qxd5 3. Nc3 Qa5 4. d4 Nf6 5. Nf3 Bf5 6. Ne5 c6 7. Nc4 Qd8 8. Ne3 Bg6 9. h4 h6 10. g4 e6 11. Bg2 Bb4 12. a3 Bxc3+ 13. bxc3 Nbd7 14. Nc4 Qc7 15. a4 O-O-O 16. a5 Nd5 17. Bd2 h5 18. g5 Bf5 19. Qc1 Nf8 20. Ne3 Nxe3 21. Bxe3 Ng6 22. c4 e5 23. d5 Nf4 24. Bxf4 exf4 25. O-O Rhe8 26. a6 b6 27. c5 bxc5 28. Rb1 cxd5 29. Rb7 Qd6 30. Rxa7 Re7 31. Rxe7 Qxe7 32. Qxf4 g6 33. Rb1 Qc7 34. Qa4 Bd7 35. a7 1-0

[Event "Lewkowitz Memorial A 9498"]
[Site "?"]
[Date "1996.??.??"]
[Round "?"]
[White "Metz Werner Richard"]
[Black "Fries Nielsen Niels Joergen"]
[Result "1-0"]
[WhiteElo "2620"]
[BlackElo "2595"]
[PlyCount "81"]
[EventDate "1996.??.??"]
[Source "www.chesslib.no"]
[SourceDate "2004.05.04"]

1. e4 d5 2. exd5 Qxd5 3. Nc3 Qa5 4. d4 Nf6 5. Nf3 Bf5 6. Ne5 c6 7. Bc4 e6 8. g4 Bg6 9. Bd2 Bb4 10. a3 Bxc3 11. Bxc3 Qc7 12. h4 Be4 13. f3 Bd5 14. Be2 Nbd7 15. Qd2 Nxe5 16. dxe5 Nd7 17. Qe3 a6 18. Rg1 c5 19. f4 b5 20. f5 O-O-O 21. O-O-O Nb8 22. h5 Rhg8 23. fxe6 fxe6 24. Bd3 g6 25. hxg6 hxg6 26. Rgf1 g5 27. Rf6 Rg7 28. Be4 Bxe4 29. Rxd8+ Kxd8 30. Qxe4 Qc6 31. Qxc6 Nxc6 32. Rxe6 Kc7 33. Be1 Rh7 34. Bf2 Rh1+ 35. Kd2 Rh2 36. Ke3 b4 37. Rg6 bxa3 38. bxa3 Nd4 39. Rxg5 Nxc2+ 40. Kf3 c4 41. Rh5 1-0

[Event "Ter Apel"]
[Site "Ter Apel"]
[Date "1993.??.??"]
[Round "2"]
[White "Van der Wiel, John TH"]
[Black "Hansen, Curt"]
[Result "0-1"]
[WhiteElo "2555"]
[BlackElo "2610"]
[PlyCount "92"]
[EventDate "1993.03.??"]
[Source "ChessBase"]

1. e4 d5 2. exd5 Qxd5 3. Nc3 Qa5 4. d4 Nf6 5. Nf3 Bf5 6. Bc4 e6 7. Bd2 c6 8. Nd5 Qd8 9. Nxf6+ gxf6 10. c3 Qc7 11. Nh4 Bg6 12. Qf3 Nd7 13. Bf4 Bd6 14. Bxd6 Qxd6 15. Qg3 Qxg3 16. hxg3 O-O-O 17. O-O-O c5 18. Nxg6 hxg6 19. dxc5 Nxc5 20. Rxd8+ Rxd8 21. Rh7 Rf8 22. f3 f5 23. Kd2 Kd8 24. Rh4 Ke7 25. Be2 e5 26. Rc4 Kd6 27. Rh4 b6 28. b4 Ne6 29. Bc4 Rd8 30. Kc2 Ke7 31. Bxe6 Kxe6 32. a4 g5 33. Rh6+ f6 34. Rh7 e4 35. g4 e3 36. gxf5+ Kxf5 37. Rxa7 Kf4 38. Re7 Rd2+ 39. Kb3 Rxg2 40. a5 bxa5 41. b5 a4+ 42. Kxa4 Kxf3 43. c4 Rg4 44. Kb3 Re4 45. Rxe4 Kxe4 46. Kc2 e2 0-1

[Event "Groningen"]
[Site "Groningen"]
[Date "1992.??.??"]
[Round "3"]
[White "Nijboer, Friso"]
[Black "Hansen, Curt"]
[Result "1/2-1/2"]
[WhiteElo "2485"]
[BlackElo "2635"]
[PlyCount "31"]
[EventDate "1992.12.??"]
[Source "ChessBase"]

1. e4 d5 2. exd5 Qxd5 3. Nc3 Qa5 4. d4 Nf6 5. Nf3 Bf5 6. Ne5 c6 7. Bd3 Bxd3 8. Qxd3 Nbd7 9. Nxd7 Nxd7 10. O-O Nf6 11. Bd2 Qc7 12. Ne4 Nxe4 13. Qxe4 e6 14. c4 Be7 15. Bc3 O-O 16. d5 1/2-1/2

[Event "Bled op18th"]
[Site "Bled"]
[Date "1997.??.??"]
[Round "6"]
[White "Sveshnikov, Evgeny"]
[Black "Sutovsky, Emil"]
[Result "0-1"]
[WhiteElo "2560"]
[BlackElo "2560"]
[PlyCount "194"]
[EventDate "1997.03.15"]
[Source "ChessBase"]

1. e4 d5 2. exd5 Qxd5 3. Nc3 Qa5 4. d4 Nf6 5. Nf3 Bf5 6. Bc4 e6 7. Bd2 c6 8. Qe2 Bb4 9. O-O-O Nbd7 10. Ne5 Nxe5 11. dxe5 Nd5 12. Ne4 Bxe4 13. Qxe4 Bxd2+ 14. Rxd2 O-O-O 15. Rhd1 Nb6 16. Bb3 Rxd2 17. Rxd2 Rd8 18. c3 Qb5 19. Qf4 Qf1+ 20. Kc2 Qxg2 21. Rxd8+ Kxd8 22. Qxf7 Nd7 23. Bxe6 Qe4+ 24. Kd2 Nxe5 25. Qf8+ Kc7 26. Qe7+ Kb6 27. Qb4+ Qxb4 28. cxb4 c5 29. f4 Ng6 30. Ke3 cxb4 31. f5 Ne7 32. Kd4 Kc7 33. Ke5 Nc6+ 34. Kd5 a5 35. f6 gxf6 36. Bf5 Ne7+ 37. Ke6 Nxf5 38. Kxf5 Kd6 39. Kxf6 Kd5 40. h4 Kc4 41. h5 Kd3 42. h6 Kc2 43. b3 Kb2 44. Kg7 Kxa2 45. Kxh7 a4 46. bxa4 b3 47. Kg8 b2 48. h7 b1=Q 49. h8=Q Qb3+ 50. Kf8 Qb4+ 51. Kf7 Qxa4 52. Qh2+ Ka3 53. Qh1 Qd7+ 54. Kf8 Qf5+ 55. Kg7 Qe5+ 56. Kg6 b5 57. Qc1+ Qb2 58. Qc5+ Ka2 59. Kh5 Qh2+ 60. Kg6 Qg3+ 61. Kh5 Qf3+ 62. Kg5 Qg2+ 63. Kh4 Qh2+ 64. Kg5 Qd2+ 65. Kh5 b4 66. Qa5+ Kb3 67. Qe5 Qd1+ 68. Kh4 Qd3 69. Kh5 Ka4 70. Qa1+ Kb3 71. Qe5 Ka2 72. Qh2+ Ka3 73. Qe5 Qh3+ 74. Kg5 Qc3 75. Qd6 Kb2 76. Kh5 Qh3+ 77. Kg5 Qe3+ 78. Kh5 Qe2+ 79. Kg5 b3 80. Qd4+ Kb1 81. Qg1+ Kc2 82. Qc5+ Kd1 83. Qg1+ Kd2 84. Qd4+ Qd3 85. Qb2+ Kd1 86. Kh4 Qc4+ 87. Kh3 Qc2 88. Qd4+ Qd2 89. Qa4 Qd5 90. Kg4 Kc2 91. Kh4 Kc3 92. Qa3 Kc2 93. Qa4 Kb1 94. Qf4 b2 95. Qb4 Kc2 96. Qa4+ Kc3 97. Qa3+ Qb3 0-1

[Event "Lewkowitz Memorial A 9498"]
[Site "?"]
[Date "1996.??.??"]
[Round "?"]
[White "Jezek Jaroslav"]
[Black "Fries Nielsen Niels Joergen"]
[Result "1/2-1/2"]
[WhiteElo "2470"]
[BlackElo "2595"]
[PlyCount "104"]
[EventDate "1996.??.??"]
[Source "www.chesslib.no"]
[SourceDate "2004.05.04"]

1. e4 d5 2. exd5 Qxd5 3. Nc3 Qa5 4. d4 Nf6 5. Nf3 Bf5 6. Bc4 c6 7. O-O e6 8. Ne2 Bd6 9. Ng3 Bxg3 10. hxg3 Nbd7 11. c3 Bg4 12. Qe1 Bxf3 13. gxf3 O-O-O 14. b4 Qf5 15. Qe2 Nd5 16. Bd2 h5 17. Kg2 h4 18. Qe4 Qh5 19. g4 h3+ 20. Kh2 Qh4 21. g5 Ne7 22. Rae1 g6 23. Re2 Nb6 24. Bb3 Nf5 25. Rg1 Nd6 26. Qxh4 Rxh4 27. Rg4 Rh5 28. a4 Nf5 29. a5 Nd5 30. Bc2 b5 31. Be4 Nd6 32. Bxd5 cxd5 33. Bf4 Nc4 34. Rg3 Rdh8 35. Be5 R8h7 36. Rg4 a6 37. f4 Kd7 38. Rc2 Rh4 39. Rg3 R7h5 40. Re2 Nd6 41. Rg1 Rh7 42. Rd2 Kc6 43. Rd3 Ne4 44. f3 Nd6 45. Bxd6 Kxd6 46. Rg4 R4h5 47. Re3 Rh8 48. Rg3 Rh4 49. Rg4 Ke7 50. Re1 R4h7 51. Re3 Rc8 52. Rg3 Rch8 1/2-1/2

[Event "Copenhagen AS04"]
[Site "Copenhagen DEN"]
[Date "1979.??.??"]
[Round "9"]
[White "Djuric, Stefan"]
[Black "Larsen, Bent"]
[Result "1/2-1/2"]
[WhiteElo "2415"]
[BlackElo "2620"]
[PlyCount "56"]
[EventDate "1979.??.??"]
[Source "www.chesslib.no"]
[SourceDate "2004.05.04"]

1. e4 d5 2. exd5 Qxd5 3. Nc3 Qa5 4. d4 Nf6 5. Nf3 Bf5 6. Bc4 Nbd7 7. Qe2 e6 8. Bd2 Bb4 9. a3 O-O 10. O-O Bxc3 11. Bxc3 Qb6 12. Bb3 a5 13. Ba4 c6 14. Bd2 h6 15. Be3 Rfe8 16. c3 Bg4 17. Rab1 Qc7 18. h3 Bh5 19. Bc2 e5 20. g4 exd4 21. cxd4 Bg6 22. Bxg6 fxg6 23. Qd3 Nd5 24. Bxh6 gxh6 25. Qxg6+ Kf8 26. Qxh6+ Kg8 27. Qg6+ Kf8 28. Qh6+ Kg8 1/2-1/2

[Event "Lewkowitz Memorial A 9498"]
[Site "?"]
[Date "1996.??.??"]
[Round "?"]
[White "Duenhaupt Heinz Wilhelm"]
[Black "Fries Nielsen Niels Joergen"]
[Result "0-1"]
[WhiteElo "2440"]
[BlackElo "2595"]
[PlyCount "104"]
[EventDate "1996.??.??"]
[Source "www.chesslib.no"]
[SourceDate "2004.05.04"]

1. e4 d5 2. exd5 Qxd5 3. Nc3 Qa5 4. d4 Nf6 5. Nf3 Bf5 6. Ne5 c6 7. Bc4 e6 8. O-O Bd6 9. Qe2 Nbd7 10. Bf4 Qc7 11. Bg3 Nb6 12. Bb3 O-O 13. Rfe1 Nbd5 14. Bxd5 exd5 15. Rac1 Rfe8 16. Qf3 Be4 17. Nxe4 Nxe4 18. c4 Nd2 19. Qc3 Nxc4 20. Nxc4 dxc4 21. Qxc4 Rxe1+ 22. Rxe1 Qa5 23. Re2 Bf8 24. h3 Rd8 25. f3 Qb4 26. Qxb4 Bxb4 27. a3 Bf8 28. Bf2 a6 29. Kf1 g6 30. Ke1 f6 31. Kd2 Kf7 32. Kc3 Rd5 33. a4 Be7 34. Kc4 Ra5 35. b3 b5+ 36. axb5 axb5+ 37. Kc3 Ke8 38. Bg3 Kd7 39. Bf4 Ra1 40. Kb2 Ra8 41. Kc3 g5 42. Bc1 f5 43. Kd3 Bf6 44. Rc2 Ra1 45. Bb2 Rb1 46. Rd2 Ke6 47. Kc2 Rg1 48. d5+ cxd5 49. Re2+ Kf7 50. Bxf6 Kxf6 51. Kc3 f4 52. Kb4 Rb1 0-1

[Event "Montcada op"]
[Site "?"]
[Date "1999.??.??"]
[Round "7"]
[White "Korneev Oleg"]
[Black "Mellado Trivino Juan"]
[Result "1-0"]
[WhiteElo "2583"]
[BlackElo "2447"]
[PlyCount "45"]
[EventDate "1999.??.??"]
[Source "www.chesslib.no"]
[SourceDate "2004.05.04"]

1. e4 d5 2. exd5 Qxd5 3. Nc3 Qa5 4. d4 Nf6 5. Nf3 Bf5 6. Bd2 c6 7. Ne4 Qc7 8. Nxf6+ gxf6 9. g3 e6 10. Bg2 Nd7 11. O-O O-O-O 12. Nh4 Bg6 13. c4 Nb6 14. Ba5 Bc5 15. d5 Qd6 16. a3 Nxc4 17. Bxd8 Rxd8 18. Nxg6 hxg6 19. dxc6 Nd2 20. Rc1 b5 21. Qe2 Nxf1 22. Qxb5 Bxf2+ 23. Kxf1 1-0

[Event "Lewkowitz Memorial A 9498"]
[Site "?"]
[Date "1996.??.??"]
[Round "?"]
[White "Handel Horst"]
[Black "Fries Nielsen Niels Joergen"]
[Result "0-1"]
[WhiteElo "2390"]
[BlackElo "2595"]
[PlyCount "74"]
[EventDate "1996.??.??"]
[Source "www.chesslib.no"]
[SourceDate "2004.05.04"]

1. e4 d5 2. exd5 Qxd5 3. Nc3 Qa5 4. d4 Nf6 5. Nf3 Bf5 6. Bd2 c6 7. Ne4 Qc7 8. Nxf6+ exf6 9. Nh4 Be6 10. c4 Na6 11. c5 Qe7 12. Be2 g5 13. Nf3 Nc7 14. O-O Bg7 15. Qc2 O-O 16. Bd3 h6 17. Rfe1 Qd7 18. Bc3 Nd5 19. g3 b6 20. cxb6 axb6 21. Nd2 Rfd8 22. Nc4 b5 23. Ne3 Nxe3 24. fxe3 f5 25. a4 bxa4 26. Rxa4 Rxa4 27. Qxa4 f4 28. gxf4 gxf4 29. exf4 Bxd4+ 30. Bxd4 Qxd4+ 31. Qxd4 Rxd4 32. Be4 c5 33. Re3 Kg7 34. f5 Ba2 35. Bc2 Rc4 36. Bd3 Rb4 37. Re2 Bd5 0-1

[Event "RUS-chT"]
[Site "Tomsk"]
[Date "2001.05.14"]
[Round "2"]
[White "Timofeev, Artyom"]
[Black "Ozgibcev, Anatoly"]
[Result "1-0"]
[WhiteElo "2522"]
[BlackElo "2459"]
[PlyCount "190"]
[EventDate "2001.05.13"]
[Source "ChessBase"]
[SourceDate "2001.07.03"]

1. e4 d5 2. exd5 Qxd5 3. Nc3 Qa5 4. d4 Nf6 5. Nf3 Bf5 6. Bd2 c6 7. Bc4 e6 8. Qe2 Bb4 9. O-O-O Nbd7 10. Kb1 O-O-O 11. a3 Bxc3 12. Bxc3 Qc7 13. Nh4 Be4 14. Be1 Bd5 15. Nf3 Bxc4 16. Qxc4 Nd5 17. Bd2 e5 18. Rhe1 Rhe8 19. Qa4 e4 20. Ng5 f5 21. Qxa7 N7b6 22. Ba5 Kd7 23. Bxb6 Nxb6 24. Qa5 Nd5 25. Qxc7+ Kxc7 26. Nf7 Rd7 27. Ne5 Rd6 28. f3 Nf6 29. c3 Rde6 30. g4 fxg4 31. fxe4 h5 32. Kc2 Nh7 33. Rf1 Rf6 34. Rf5 Rxf5 35. exf5 Ng5 36. Kd3 c5 37. Rf1 cxd4 38. cxd4 Rf8 39. Ng6 Rf6 40. Nh4 Rb6 41. b4 Ra6 42. Rc1+ Kd6 43. Rc3 Ra8 44. b5 Re8 45. b6 Nf3 46. Nxf3 gxf3 47. Rc2 Ra8 48. Ke4 Rxa3 49. Rf2 Kc6 50. Ke5 Re3+ 51. Kf4 Rd3 52. Ke4 Rb3 53. h4 Rc3 54. Ke5 Re3+ 55. Kf4 Rd3 56. Ke4 Rc3 57. Rxf3 Rxf3 58. Kxf3 Kxb6 59. Kf4 Kc6 60. Kg5 b5 61. Kg6 b4 62. Kxg7 b3 63. f6 b2 64. f7 b1=Q 65. f8=Q Qg1+ 66. Kh6 Qxd4 67. Kxh5 Qd5+ 68. Kg6 Qe4+ 69. Kg5 Qg2+ 70. Kh6 Qd2+ 71. Kg7 Qg2+ 72. Kh8 Kb5 73. h5 Qg5 74. Qe8+ Kb4 75. Kh7 Qf5+ 76. Qg6 Qd7+ 77. Kg8 Qd8+ 78. Kg7 Qe7+ 79. Qf7 Qe5+ 80. Kg8 Qg3+ 81. Kh7 Qh3 82. Qf4+ Kb5 83. Qe5+ Kb6 84. h6 Qd3+ 85. Kg7 Qd7+ 86. Kg6 Qd3+ 87. Kh5 Qd1+ 88. Kg5 Qd2+ 89. Kg6 Qg2+ 90. Kf6 Qf2+ 91. Kg6 Qc2+ 92. Kh5 Qh7 93. Kg5 Qg8+ 94. Kf5 Qh7+ 95. Kg5 Qg8+ 1-0

[Event "Castellar Open"]
[Site "Castellar"]
[Date "1995.??.??"]
[Round "?"]
[White "Gofshtein, Zeev-Alon"]
[Black "Mellado Trivino, Juan"]
[Result "0-1"]
[WhiteElo "2535"]
[BlackElo "2445"]
[PlyCount "68"]
[EventDate "1995.??.??"]
[Source "www.chesslib.no"]
[SourceDate "2004.05.04"]

1. e4 d5 2. exd5 Qxd5 3. Nc3 Qa5 4. d4 Nf6 5. Nf3 Bf5 6. Ne5 c6 7. Bc4 e6 8. O-O Nbd7 9. f4 Rd8 10. Qe2 Bb4 11. Nd1 O-O 12. Nf2 Nxe5 13. fxe5 Nd5 14. Bb3 Be7 15. Bd2 Qc7 16. c4 Nb6 17. c5 Nd7 18. Bc4 Kh8 19. Bf4 a5 20. Ne4 b6 21. Nd6 Bg6 22. Bd3 bxc5 23. Bxg6 fxg6 24. dxc5 Nxc5 25. Qc4 Nb7 26. Qxe6 Qd7 27. Nf7+ Rxf7 28. Qxd7 Bc5+ 29. Kh1 Rfxd7 30. e6 Rd5 31. Rac1 Re8 32. Bg3 Nd8 33. e7 Bxe7 34. Rce1 Rf8 0-1

[Event "HUN-ch"]
[Site "Budapest"]
[Date "1996.??.??"]
[Round "11"]
[White "Varga, Zoltan"]
[Black "Horvath, Csaba"]
[Result "1/2-1/2"]
[WhiteElo "2450"]
[BlackElo "2530"]
[PlyCount "20"]
[EventDate "1996.12.??"]
[Source "ChessBase"]
[SourceDate "1997.04.10"]

1. e4 d5 2. exd5 Qxd5 3. Nc3 Qa5 4. d4 Nf6 5. Nf3 Bf5 6. Bd2 e6 7. Bc4 c6 8. Nd5 Qd8 9. Nxf6+ Qxf6 10. c3 Bd6 1/2-1/2

[Event "Budapest HUN"]
[Site "?"]
[Date "1996.11.11"]
[Round "9"]
[White "Cao Sang"]
[Black "Horvath Csaba"]
[Result "1/2-1/2"]
[WhiteElo "2445"]
[BlackElo "2530"]
[PlyCount "189"]
[EventDate "1996.??.??"]
[Source "www.chesslib.no"]
[SourceDate "2004.05.04"]

1. e4 d5 2. exd5 Qxd5 3. Nc3 Qa5 4. d4 Nf6 5. Nf3 Bf5 6. Bc4 e6 7. O-O c6 8. Bf4 Nbd7 9. Qe2 Be7 10. h3 O-O 11. Rfe1 Bb4 12. Bd2 Bxc2 13. a3 Bxc3 14. Bxc3 Qf5 15. Ne5 Nxe5 16. dxe5 Nd5 17. Rac1 Ba4 18. b3 Nf4 19. Qf3 Bb5 20. Bxb5 cxb5 21. Rcd1 Rfd8 22. Rd6 Nd5 23. Qxf5 exf5 24. Bd4 b6 25. Rd1 Nf4 26. Be3 Ne6 27. R1d5 Rxd6 28. exd6 f4 29. Bd2 Rd8 30. Bb4 f6 31. f3 a6 32. d7 Kf7 33. Rd6 Rb8 34. Rc6 a5 35. Bd6 Rd8 36. Rxb6 Rxd7 37. Kh2 g5 38. h4 Nd4 39. hxg5 fxg5 40. Be5 Nxb3 41. Rxb5 Nd2 42. Rxa5 Nf1+ 43. Kh3 Ne3 44. Ra4 Rd1 45. Bxf4 gxf4 46. Rxf4+ Kg6 47. Ra4 h5 48. Ra6+ Kg5 49. Ra5+ Nf5 50. g4 hxg4+ 51. fxg4 Rd3+ 52. Kg2 Kxg4 53. Kf2 Kf4 54. Ke2 Rd4 55. Rb5 Ng3+ 56. Ke1 Rd3 57. Rb2 Ke3 58. a4 Ne4 59. a5 Rc3 60. Kf1 Kf3 61. Kg1 Ra3 62. a6 Ra1+ 63. Kh2 Rxa6 64. Rb3+ Kf4 65. Rb2 Rg6 66. Rf2+ Ke3 67. Rg2 Rh6+ 68. Kg1 Kf3 69. Ra2 Rg6+ 70. Kh2 Rd6 71. Ra3+ Kf4 72. Ra2 Rd3 73. Kg2 Rg3+ 74. Kh2 Rg7 75. Rf2+ Ke3 76. Rg2 Rh7+ 77. Kg1 Ra7 78. Kh2 Kf3 79. Rb2 Ra3 80. Kg1 Rd3 81. Rg2 Rd1+ 82. Kh2 Rd8 83. Kg1 Nd2 84. Rg7 Nc4 85. Rf7+ Ke2 86. Rf2+ Ke3 87. Ra2 Nd2 88. Ra3+ Kf4 89. Kg2 Rg8+ 90. Kf2 Ne4+ 91. Kf1 Rc8 92. Ra2 Ng3+ 93. Kg2 Rc3 94. Rf2+ Kg4 95. Ra2 1/2-1/2

[Event "Helsinki op"]
[Site "Helsinki"]
[Date "1992.??.??"]
[Round "8"]
[White "Kovalev, Andrei"]
[Black "Westerinen, Heikki MJ"]
[Result "1-0"]
[WhiteElo "2580"]
[BlackElo "2390"]
[PlyCount "97"]
[EventDate "1992.09.??"]
[Source "ChessBase"]

1. e4 d5 2. exd5 Qxd5 3. Nc3 Qa5 4. d4 Nf6 5. Nf3 Bf5 6. Ne5 c6 7. Bd2 Qb6 8. Qf3 e6 9. O-O-O Nbd7 10. Nc4 Qd8 11. h3 Nd5 12. g4 Bg6 13. Ne4 N7f6 14. Ng3 Nb6 15. Ba5 Qd5 16. Qc3 Ne4 17. Nxe4 Bxe4 18. Rg1 Be7 19. f4 Nxc4 20. Bxc4 Qd6 21. Qe3 Bd5 22. Bd3 Bxa2 23. Qe5 Qxe5 24. fxe5 b6 25. Bd2 b5 26. Be3 Bd5 27. b3 b4 28. Ba6 g5 29. Kb2 h5 30. gxh5 Rxh5 31. Rg3 f5 32. exf6 Bxf6 33. Be2 Rh4 34. Bxg5 Bxg5 35. Rxg5 Ke7 36. Rg7+ Kf6 37. Rb7 c5 38. Rf1+ Kg5 39. Rg7+ Kh6 40. Rfg1 Be4 41. dxc5 Rc8 42. Rg8 Rxg8 43. Rxg8 Rf4 44. Re8 Rf6 45. Bc4 Bd5 46. Bxd5 exd5 47. Rd8 Rf3 48. Rxd5 Rxh3 49. Rd4 1-0

[Event "Hamburg SKA"]
[Site "Hamburg"]
[Date "1991.??.??"]
[Round "?"]
[White "Maus, Soenke"]
[Black "Hansen, Curt"]
[Result "0-1"]
[WhiteElo "2400"]
[BlackElo "2565"]
[PlyCount "120"]
[EventDate "1991.06.??"]
[Source "ChessBase"]

1. e4 d5 2. exd5 Qxd5 3. Nc3 Qa5 4. d4 Nf6 5. Nf3 Bf5 6. Bd3 Nbd7 7. O-O e6 8. Bf4 c6 9. Ne5 Nxe5 10. Bxe5 Bg6 11. a3 Be7 12. b4 Qd8 13. Qe2 Bxd3 14. Qxd3 O-O 15. Rfd1 Nd5 16. Ne2 b5 17. c4 bxc4 18. Qxc4 Qb6 19. Rd3 a5 20. bxa5 Rxa5 21. Rg3 f6 22. Bf4 Qa6 23. Qc2 Bxa3 24. Bh6 Rf7 25. Bd2 Bb4 26. Rxa5 Qxa5 27. Bxb4 Qxb4 28. Qc1 Rb7 29. h3 Qb1 30. Kh2 Qxc1 31. Nxc1 Rb2 32. Rf3 g5 33. Kg3 Kf7 34. Rb3 Rd2 35. Nd3 Kg6 36. Kf3 h5 37. g3 Kf5 38. g4+ Kg6 39. Nc5 Nf4 40. Ke3 Re2+ 41. Kf3 Rc2 42. Nd7 Nxh3 43. gxh5+ Kf5 44. Kg3 Nf4 45. h6 Kg6 46. Nf8+ Kxh6 47. Rb7 Nh5+ 48. Kg2 Ng7 49. Rf7 f5 50. Rf6+ Kh5 51. Rg6 Ne8 52. Rxe6 Nc7 53. Re5 Nd5 54. Ne6 Kg4 55. Kf1 Nf4 56. f3+ Kg3 57. Nxg5 Rf2+ 58. Ke1 Nd3+ 59. Kd1 Nxe5 60. dxe5 Ra2 0-1

[Event "Gausdal Int"]
[Site "Gausdal NOR"]
[Date "1992.??.??"]
[Round "5"]
[White "Ernst, Thomas"]
[Black "Westerinen, Heikki M J"]
[Result "1/2-1/2"]
[WhiteElo "2535"]
[BlackElo "2430"]
[PlyCount "82"]
[EventDate "1992.08.??"]
[Source "www.chesslib.no"]
[SourceDate "2004.05.04"]

1. e4 d5 2. exd5 Qxd5 3. Nc3 Qa5 4. d4 Nf6 5. Nf3 Bf5 6. Bc4 e6 7. Bd2 c6 8. Qe2 Bb4 9. a3 Nbd7 10. O-O-O Bxc3 11. Bxc3 Qc7 12. Ne5 Nxe5 13. dxe5 Nd5 14. Bd2 O-O-O 15. g4 Bg6 16. f4 h5 17. h3 Qb6 18. Rhf1 hxg4 19. hxg4 Qc5 20. f5 exf5 21. e6 f4 22. exf7 Bxf7 23. Bb4 Nxb4 24. Bxf7 Nd5 25. Bxd5 Rxd5 26. Qe6+ Kb8 27. Rxd5 Qxd5 28. Qxd5 cxd5 29. Rxf4 a6 30. Rf7 g6 31. Rg7 Rh2 32. Rxg6 Kc7 33. Rf6 Rg2 34. Rf4 Kd6 35. Rb4 b5 36. Kb1 Kc5 37. c3 a5 38. Rd4 Rg1+ 39. Ka2 a4 40. Rb4 Rf1 41. Rd4 Kc6 1/2-1/2

[Event "Paris"]
[Site "Paris"]
[Date "1994.??.??"]
[Round "4"]
[White "Minasian, Artashes"]
[Black "Relange, Eloi"]
[Result "1-0"]
[WhiteElo "2545"]
[BlackElo "2420"]
[PlyCount "73"]
[EventDate "1994.04.??"]
[Source "ChessBase"]

1. e4 d5 2. exd5 Qxd5 3. Nc3 Qa5 4. d4 Nf6 5. Nf3 Bf5 6. Be2 e6 7. O-O Nbd7 8. Bf4 c6 9. Nd2 Qd8 10. Nc4 Nb6 11. Ne3 Bg6 12. Be5 Bb4 13. Nb1 O-O 14. c4 c5 15. a3 cxd4 16. axb4 dxe3 17. f3 Qxd1 18. Rxd1 Rfd8 19. Na3 Rd2 20. Rxd2 exd2 21. Rd1 Rd8 22. Kf2 Kf8 23. Ke3 Nc8 24. g4 h5 25. h3 Nh7 26. Nb5 f6 27. Bd4 e5 28. Bc5+ Kf7 29. Nxa7 b6 30. Nxc8 bxc5 31. Nb6 cxb4 32. c5 Rb8 33. Rxd2 Nf8 34. Bb5 Ne6 35. Bc4 Rb7 36. Rd8 Re7 37. c6 1-0

[Event "Lewkowitz Memorial A 9498"]
[Site "?"]
[Date "1996.??.??"]
[Round "?"]
[White "Ebeling Mika"]
[Black "Fries Nielsen Niels Joergen"]
[Result "0-1"]
[WhiteElo "2365"]
[BlackElo "2595"]
[PlyCount "94"]
[EventDate "1996.??.??"]
[Source "www.chesslib.no"]
[SourceDate "2004.05.04"]

1. e4 d5 2. exd5 Qxd5 3. Nc3 Qa5 4. d4 Nf6 5. Nf3 Bf5 6. Bc4 c6 7. Ne5 e6 8. g4 Bg6 9. h4 Nbd7 10. Nxd7 Nxd7 11. h5 Be4 12. Rh3 Bd5 13. Qe2 Bxc4 14. Qxc4 Nb6 15. Qd3 O-O-O 16. Kf1 h6 17. Rf3 Rd7 18. Be3 Qb4 19. a3 Qc4 20. Rd1 f6 21. Qxc4 Nxc4 22. Bc1 Bd6 23. Kg2 Rhd8 24. Rfd3 Bf8 25. f3 b5 26. Ne2 Bd6 27. Nc3 a6 28. Ne4 Bf8 29. Nc3 e5 30. Ne2 Re8 31. Ng3 Rxd4 32. Rxd4 exd4 33. Rxd4 Re1 34. Re4 Rxc1 35. Re8+ Kc7 36. Rxf8 Rxc2+ 37. Kh3 Rxb2 38. Rf7+ Kb6 39. Rxg7 Nxa3 40. Rg6 b4 41. Rxh6 Rd2 42. Rh8 Nb5 43. h6 Rd7 44. f4 b3 45. Re8 b2 46. Re1 Nc3 47. g5 Nd1 0-1

[Event "Balaguer (Spain)"]
[Site "?"]
[Date "2005.07.21"]
[Round "4"]
[White "Movsziszian Karen"]
[Black "Suba Mihail"]
[Result "1-0"]
[WhiteElo "2439"]
[BlackElo "2520"]
[PlyCount "50"]
[EventDate "2005.??.??"]
[Source "www.chesslib.no"]
[SourceDate "2004.05.04"]

1. e4 d5 2. exd5 Qxd5 3. Nc3 Qa5 4. d4 Nf6 5. Nf3 Bf5 6. Bc4 e6 7. Bd2 c6 8. Nd5 Qd8 9. Nxf6+ gxf6 10. Bb3 Bg7 11. Qe2 a5 12. a4 Bg4 13. Rd1 O-O 14. Bf4 Na6 15. h3 Bxf3 16. Qxf3 Qe7 17. O-O Rfd8 18. Rfe1 Nb4 19. c3 Nd5 20. Bc1 Qf8 21. Bc2 f5 22. g4 fxg4 23. hxg4 Ne7 24. Kg2 Ng6 25. Rh1 Qd6 1-0

[Event "Hlohovec Open"]
[Site "Hlohovec"]
[Date "1994.??.??"]
[Round "?"]
[White "Golod, Vitali"]
[Black "Sergeev, Vladimir"]
[Result "1-0"]
[WhiteElo "2510"]
[BlackElo "2445"]
[PlyCount "73"]
[EventDate "1994.??.??"]
[Source "www.chesslib.no"]
[SourceDate "2004.05.04"]

1. e4 d5 2. exd5 Qxd5 3. Nc3 Qa5 4. d4 Nf6 5. Nf3 Bf5 6. Bd2 c6 7. Bc4 e6 8. Ne4 Qd8 9. Ng3 Bg4 10. c3 Nh5 11. Qb3 Nxg3 12. hxg3 Bxf3 13. Qxb7 Bxg2 14. Rh2 Nd7 15. Rxg2 Qc8 16. Ba6 Qxb7 17. Bxb7 Rb8 18. Bxc6 Rxb2 19. Ba4 Rb6 20. Ke2 Ba3 21. Rgg1 Ke7 22. Rab1 Rc8 23. Rb5 Bd6 24. Ra5 Rc7 25. Kd3 e5 26. Re1 Kf6 27. Rd5 exd4 28. cxd4 Ra6 29. Bb5 Rcc6 30. Bxa6 Rxa6 31. Ra5 Rb6 32. Rxa7 Nf8 33. Ba5 Rc6 34. d5 Rc5 35. Bc3+ Kg6 36. Ra6 Rxd5+ 37. Ke4 1-0

[Event "Wichern Open 3rd"]
[Site "Hamburg GER"]
[Date "1995.??.??"]
[Round "9"]
[White "Kovalev, Andrei"]
[Black "Westerinen, Heikki M J"]
[Result "1-0"]
[WhiteElo "2545"]
[BlackElo "2405"]
[PlyCount "107"]
[EventDate "1995.09.??"]
[Source "www.chesslib.no"]
[SourceDate "2004.05.04"]

1. e4 d5 2. exd5 Qxd5 3. Nc3 Qa5 4. d4 Nf6 5. Nf3 Bf5 6. Ne5 c6 7. Bc4 e6 8. O-O Nbd7 9. Qe2 Nxe5 10. dxe5 Nd5 11. Nxd5 exd5 12. Bd3 Bxd3 13. cxd3 O-O-O 14. Bf4 Qb4 15. Bg3 h5 16. h3 Rh6 17. a3 Qd4 18. Rae1 Rd7 19. Kh1 h4 20. Bh2 Re6 21. f4 f5 22. Bg1 Qa4 23. Qh5 g6 24. Qh8 Rd8 25. Qxh4 Qb3 26. Qf2 Qxd3 27. Qxa7 Qa6 28. Qxa6 bxa6 29. Rf3 Rd7 30. Rc1 Rb7 31. Rc2 Kd7 32. g4 Be7 33. gxf5 gxf5 34. b4 Rg6 35. Rg2 Rxg2 36. Kxg2 a5 37. bxa5 c5 38. h4 Ra7 39. h5 Rxa5 40. h6 Ra8 41. Rb3 Kc6 42. Rg3 d4 43. Rg7 Bh4 44. h7 Rh8 45. Kf3 Kd5 46. a4 Be1 47. Rd7+ Ke6 48. Rd6+ Kf7 49. Rf6+ Kg7 50. Rxf5 Rxh7 51. e6 Rh3+ 52. Ke4 Bb4 53. Rf7+ Kg8 54. Rb7 1-0

[Event "FIN-SWE"]
[Site "Helsinki"]
[Date "1991.??.??"]
[Round "1"]
[White "Ernst, Thomas"]
[Black "Westerinen, Heikki MJ"]
[Result "1/2-1/2"]
[WhiteElo "2525"]
[BlackElo "2420"]
[PlyCount "25"]
[EventDate "1991.??.??"]
[Source "ChessBase"]

1. e4 d5 2. exd5 Qxd5 3. Nc3 Qa5 4. d4 Nf6 5. Nf3 Bf5 6. Bc4 e6 7. Bd2 c6 8. d5 Qc5 9. dxc6 Nxc6 10. Bb3 Bg4 11. h3 Bh5 12. O-O Bxf3 13. Qxf3 1/2-1/2

[Event "Terrassa"]
[Site "?"]
[Date "1996.??.??"]
[Round "9"]
[White "Rodriguez Cespedes Amador"]
[Black "Westerinen Heikki MJ"]
[Result "1-0"]
[WhiteElo "2510"]
[BlackElo "2430"]
[PlyCount "111"]
[EventDate "1996.??.??"]
[Source "www.chesslib.no"]
[SourceDate "2004.05.04"]

1. e4 d5 2. exd5 Qxd5 3. Nc3 Qa5 4. d4 Nf6 5. Nf3 Bf5 6. Bc4 e6 7. Bd2 c6 8. Qe2 Bb4 9. O-O-O Nbd7 10. a3 Bxc3 11. Bxc3 Qc7 12. Ne5 Nxe5 13. dxe5 Nd5 14. Bd2 O-O-O 15. g4 Bg6 16. f4 h5 17. h3 Qb6 18. Bb3 hxg4 19. hxg4 Rxh1 20. Rxh1 Qd4 21. Rf1 Be4 22. Re1 Bh7 23. Qf3 c5 24. f5 c4 25. c3 Qc5 26. Bc2 Bg8 27. Bg5 Re8 28. Be4 Kc7 29. Rd1 f6 30. Bxd5 fxg5 31. fxe6 Bxe6 32. Qe4 b5 33. Bxe6 Rxe6 34. Rd5 Qg1+ 35. Kc2 Rh6 36. Qf3 Rh2+ 37. Rd2 Rxd2+ 38. Kxd2 Qb1 39. Ke3 Qxb2 40. Kd4 Qxa3 41. Qf7+ Kb6 42. Qg6+ Ka5 43. Qxg7 Kb6 44. Qf6+ Ka5 45. Qd8+ Ka4 46. Qd6 b4 47. Qa6+ Kb3 48. Qxc4+ Kc2 49. cxb4+ Kd2 50. e6 a5 51. Kd5 axb4 52. e7 Qa5+ 53. Kd6 Qb6+ 54. Qc6 Qb8+ 55. Kd5 Qg8+ 56. Kc5 1-0